|
|
|
|
| LEADER |
01091ncm a22002532a 4500 |
| 001 |
000476475 |
| 003 |
CZ BrMZK |
| 005 |
20150904133049.0 |
| 007 |
qu |
| 008 |
000105s1947 xr cze d |
| 015 |
|
|
|a cnb000663364
|
| 040 |
|
|
|a BOA001
|b cze
|
| 072 |
|
7 |
|a 782
|x Divadelní hudba. Opera, opereta, muzikál
|2 Konspekt
|9 9
|
| 100 |
1 |
|
|a Martinů, Bohuslav,
|d 1890-1959
|7 jk01080381
|4 cmp
|4 adp
|4 trl
|
| 245 |
1 |
0 |
|a Julietta
|h [hudebnina] :
|b (snář) : lyrická zpěvohra o 3 jednáních /
|c Bohuslav Martinů ; text Georges Neveux ; přeložil a upravil skladatel ; klavírní výtah s textem Karel Šolc
|
| 260 |
|
|
|a Praha :
|b Melantrich,
|c 1947
|
| 300 |
|
|
|a 1 klavírní výtah (229 s.)
|
| 700 |
1 |
|
|a Neveux, Georges,
|d 1900-1982
|7 jn20001031029
|4 lbt
|
| 700 |
1 |
|
|a Šolc, Karel,
|d 1893-1985
|7 jk01130702
|4 arr
|
| 910 |
|
|
|a BOA001
|b Mus4-0214.177
|
| 990 |
|
|
|a MU
|
| 991 |
|
|
|b 201212
|
| 996 |
7 |
|
|b 2619728266
|c Mus4-0214.177
|l MZK
|r Sklad / do 1 hodiny
|n 5
|w 000476475
|u 000020
|a 1
|e BOA001
|j MZK50
|s A
|
| 996 |
6 |
|
|b 2619746529
|c Mus4-0214.177
|l MZK
|r Sklad / do 1 hodiny
|n 15
|w 000476475
|u 000010
|a 1
|e BOA001
|j MZK50
|s P
|